| 000 | 00719nam a2200229 a 4500 | ||
|---|---|---|---|
| 008 | |||
| 020 | _a1898563381 (pbk.) | ||
| 049 | _aMAIN | ||
| 090 | _aQD151.2 | ||
| 100 | 1 | _aBarret, Jack. | |
| 245 | 1 | 0 |
_aFundamentals of inorganic chemistry : _ban introduction text for degree course studies / _cJack Barret and Mounir A. Malati. |
| 260 |
_aChichester : _bHorwood, _c1998. |
||
| 300 |
_ax, 304 p. : _bill. ; _c25 cm. |
||
| 440 | _aAlbion chemical science series. | ||
| 650 | _aChemistry, Inorganic. | ||
| 700 | _aMalati, Mounir A | ||
| 907 |
_a.b10116977 _b30-01-12 _c03-04-04 |
||
| 003 | |||
| 005 | 20250225103621.0 | ||
| 040 | _cNUST | ||
| 942 |
_cBOOKS _kQD151.2 _01 |
||
| 999 |
_c152592 _d152592 |
||